[Event "SB-2020-0-00595"]
[Site "LSS email"]
[Date "2020.05.26"]
[Round "?"]
[White "Stepanov, Valera"]
[Black "Gazen, Louis"]
[Result "0-1"]
[WhiteElo "1805"]
[BlackElo "1888"]
[PlyCount "36"]
[EventDate "2020.02.19"]
[EventType "tourn (corr)"]
[EventRounds "6"]
[EventCountry "GER"]
[SourceTitle "Corr 2024"]
[Source "ChessBase"]
[SourceDate "2023.10.19"]
[SourceVersion "1"]
[SourceVersionDate "2023.10.19"]
[SourceQuality "1"]

1. e4 e5 2. Nf3 Nc6 3. Bc4 Bc5 4. 0-0 Nf6 5. d3 0-0 6. Bg5 Be7 7. h3 h6 8. Bd2 d5 9. exd5 Nxd5 10. Re1 Be6 11. Bb3 Bd6 12. Nc3 Nxc3 13. Bxc3 Re8 14. Bxe6 Rxe6 15. d4 Nxd4 16. Bxd4 exd4 17. Rxe6 fxe6 18. Qxd4 Qf6 0-1

[Event "SC-2020-0-00389"]
[Site "LSS email"]
[Date "2020.05.02"]
[Round "?"]
[White "Peterson, Oscar"]
[Black "Stepanov, Valera"]
[Result "1/2-1/2"]
[WhiteElo "1749"]
[BlackElo "1797"]
[PlyCount "45"]
[EventDate "2020.02.22"]
[EventType "tourn (corr)"]
[EventRounds "6"]
[EventCountry "GER"]
[SourceTitle "Corr 2024"]
[Source "ChessBase"]
[SourceDate "2023.10.19"]
[SourceVersion "1"]
[SourceVersionDate "2023.10.19"]
[SourceQuality "1"]

1. d4 Nf6 2. c4 e6 3. Nf3 b6 4. a3 Bb7 5. Nc3 d5 6. cxd5 Nxd5 7. e3 Nxc3 8. bxc3 Bd6 9. Bd3 c5 10. 0-0 0-0 11. Qe2 Nc6 12. e4 Na5 13. Rb1 Be7 14. Rd1 Qc7 15. e5 Qc6 16. Ne1 g6 17. Bh6 Rfd8 18. Qg4 cxd4 19. cxd4 Qd7 20. Nc2 Bf8 21. Bg5 Be7 22. Bh6 Bf8 23. Bg5 1/2-1/2

[Event "SC-2020-0-00389"]
[Site "LSS email"]
[Date "2020.05.02"]
[Round "?"]
[White "Tarmak, Mart"]
[Black "Stepanov, Valera"]
[Result "1-0"]
[WhiteElo "1776"]
[BlackElo "1797"]
[PlyCount "22"]
[EventDate "2020.02.22"]
[EventType "tourn (corr)"]
[EventRounds "6"]
[EventCountry "GER"]
[SourceTitle "Corr 2024"]
[Source "ChessBase"]
[SourceDate "2023.10.19"]
[SourceVersion "1"]
[SourceVersionDate "2023.10.19"]
[SourceQuality "1"]

1. e4 c5 2. Nf3 e6 3. c3 d5 4. exd5 Qxd5 5. d4 Be7 6. Be3 Nf6 7. dxc5 Qxd1+ 8. Kxd1 0-0 9. Nbd2 Ng4 10. Nb3 Nd7 11. Bd3 Nxe3+ 1-0

[Event "BI-2014-P-0000"]
[Site "LSS email"]
[Date "2014.04.19"]
[Round "?"]
[White "Kurpnieks, Vairis"]
[Black "Stepanov, Valera"]
[Result "1/2-1/2"]
[WhiteElo "2112"]
[BlackElo "1796"]
[PlyCount "66"]
[EventDate "2014.04.25"]
[EventType "tourn (corr)"]
[EventRounds "10"]
[EventCountry "GER"]
[SourceTitle "Corr 2022"]
[Source "ChessBase"]
[SourceDate "2021.10.24"]
[SourceVersion "1"]
[SourceVersionDate "2021.10.24"]
[SourceQuality "1"]

1. e4 e5 2. Nf3 Nc6 3. Nc3 Nf6 4. Bb5 Bb4 5. 0-0 0-0 6. d3 d6 7. Bg5 Bxc3 8. bxc3 a6 9. Bxc6 bxc6 10. Qd2 h6 11. Bxf6 Qxf6 12. Rfb1 Bg4 13. Qe3 Bxf3 14. Qxf3 Qxf3 15. gxf3 Rab8 16. Rb3 Rb6 17. Rab1 Rfb8 18. h4 a5 19. Kg2 Kh7 20. Kg3 g5 21. Kg4 Kg6 22. hxg5 hxg5 23. a4 Rxb3 24. Rxb3 Rxb3 25. cxb3 c5 26. Kh3 f5 27. Kg2 Kf6 28. Kg3 c6 29. Kg2 f4 30. Kh3 Kg6 31. Kh2 Kh5 32. Kg1 Kh4 33. Kg2 g4 1/2-1/2